Guess the 1960s song lyrics #148 - Statistics

General Stats
  • This quiz has been taken 15 times
  • The average score is 220 of 283
Answer Stats
Answer % Correct
a
100%
I
100%
love
100%
the
100%
you
100%
in
92%
me
92%
my
92%
of
92%
Of
92%
when
92%
your
92%
and
85%
girl
85%
I'll
85%
on
85%
Yeah
85%
yeah
85%
day
77%
every
77%
Every
77%
little
77%
to
77%
you're
77%
You're
77%
all
69%
at
69%
if
69%
sweet
69%
that
69%
year
69%
August
62%
calendar
62%
give
62%
I'm
62%
July
62%
June
62%
September
62%
take
62%
Christmas
54%
down
54%
February
54%
heart's
54%
January
54%
let
54%
like
54%
March
54%
march
54%
May
54%
November
54%
thanks
54%
whirl
54%
December
46%
Each
46%
gonna
46%
Neil Sedaka
46%
October
46%
present
46%
smile
46%
start
46%
tree
46%
valentine
46%
aisle
38%
April
38%
ask
38%
belong
38%
dad
38%
fine
38%
Halloween
38%
light
38%
Maybe
38%
mom
38%
prom
38%
show
38%
steal
38%
aglow
31%
beach
31%
firecracker
31%
Juliet
31%
junior
31%
neath
31%
Romeo
31%
sixteen
31%
bunny
23%
candles
23%
Easter
23%
They'd
15%
No matching quizzes found
Score Distribution
Percent of People with Each Score
Percentile by Number Answered
Your Score History
You have not taken this quiz